000 00875cam a22002533a 4500
001 15656
003 PGUSA
005 20140828083332.0
008 050419s2005||||xxu|||||s|||||000 | eng d
040 _aPGUSA
_beng
042 _adc
050 4 _aPN
245 1 0 _aRepresentation of the Impiety and Immorality of the English Stage (1704); Some Thoughts Concerning the Stage in a Letter to a Lady (1704)
_h[electronic resource]
260 _bProject Gutenberg,
_c2005
506 _aPublic domain in the USA.
516 _aElectronic text
653 _aTheater -- England -- Early works to 1800
653 _aTheater -- Moral and ethical aspects -- Early works to 1800
700 1 _aWoodward, Josiah,
_d1660-1712
700 1 _aAvery, Emmett Langdon,
_d1903-1970
830 0 _aProject Gutenberg
_v15656
856 4 0 _uhttp://www.gutenberg.org/ebooks/15656
942 _cEB
999 _c244911
_d244911